000 00608nam a2200241Ia 4500
003 OSt
005 20220918230515.0
006 a|||||r|||| 00| 0
007 ta
008 220917b |||||||| |||| 00| 0 eng d
024 _a254,927
037 _cTextual
040 _aARTS
_cARTS
_beng
041 _2eng
_aeng
082 _aT:3:P, K1;4
100 _aBillows F L
245 0 _aTechniques of language teaching
260 _aLondon
_bLongmans UK
_c1961
300 _axi,259p.
_ccm.
650 _aEDUCATION
942 _hT:3:P, K1;4
_cTEXL
_2CC
999 _c288246
_d288246